[Event "Holiday Invitational-IM 2019"]
[Site "Charlotte"]
[Date "2019.12.30"]
[Round "7.1"]
[White "Andrianov, Nikolai"]
[Black "Kolay, Alex"]
[Result "1-0"]
[WhiteElo "2417"]
[BlackElo "2261"]
[Annotator "TA"]
[PlyCount "79"]
[EventDate "2019.12.26"]
[EventType "tourn"]
[EventCountry "USA"]
[SourceTitle "playchess.com"]
[Source "ChessBase"]
[SourceQuality "1"]

{[%evp 18,79,29,31,65,62,105,68,68,52,83,89,185,175,186,188,156,38,37,40,40,29,29,36,28,43,30,0,20,-17,0,0,0,0,89,85,87,87,169,169,169,169,162,169,175,180,497,496,632,465,451,430,429,0,413,384,531,517,834,811,720,504,2756,2456]} 1. Nf3 Nf6 2. d4 d5 3. c4 c6 4. cxd5 cxd5 5. Nc3 Nc6 6. Bf4 Bf5 7. e3 e6 8. Bb5 Nd7 9. Qa4 Qb6 10. Nh4 Bg4 {D14: Slav Defence: Exchange variation with ...Bf5} (10... Be4 11. O-O a6 12. Rac1 Be7 13. f3 Bg6 14. Nxg6 hxg6 15. Bxc6 bxc6 16. Rc2 c5 17. Rfc1 c4 18. e4 Bd6 19. Bxd6 Qxd6 20. exd5 Qxh2+ {½-½ (26) Ivanchuk,V (2756)-Giri,A (2552) Hoogeveen 2009}) 11. h3 Bh5 12. g4 Bg6 $1 {White is slightly better.} 13. Nxg6 hxg6 {[#]} 14. e4 $1 {[%cal Re4d5]} Nf6 $146 (14... Bb4 $16) ({Predecessor:} 14... Bb4 15. exd5 exd5 16. Kf1 Bxc3 17. bxc3 a6 18. Re1+ {1-0 (40) Traudes,W (2220)-Schieder,J (1985) Werfen 1996}) 15. exd5 $18 Nxd5 16. Nxd5 exd5 17. Kf1 ({Better is} 17. Rc1 $16 Rc8 18. O-O) 17... Be7 $14 18. Re1 Kf8 19. Bxc6 Qxc6 20. Qxc6 bxc6 21. Kg2 g5 22. Be3 Rh6 23. Rc1 Ke8 24. h4 Rb8 25. b3 Kd7 (25... Rxh4 $11 26. Rxh4 gxh4) 26. hxg5 $16 Rxh1 27. Rxh1 {[%mdl 4096] Endgame KRB-KRB} a5 (27... g6 $16) 28. Rh7 $18 Rg8 29. f4 Bd6 30. Kf3 Ke7 31. f5 f6 $2 {[#]} (31... Bb4 32. Bf4 g6) 32. g6 Kf8 33. Ke2 Ke8 34. Bd2 Bb4 35. Be3 $2 (35. Bf4 $18 {Black must now prevent g5.} Kd8 36. g5) 35... Be7 $2 {[%mdl 8192]} (35... Bd6 $1 $11) 36. Kd3 Kd7 37. Bd2 {White is clearly winning.} Bb4 (37... Kc8 $142 38. Bxa5 Kb7) 38. Bh6 Bf8 39. a4 Kc7 (39... Kc8 $142 40. g5 fxg5) 40. g5 {Accuracy: White = 64%, Black = 35%.} 1-0

[Event "Holiday Invitational-IM 2019"]
[Site "Charlotte"]
[Date "2019.12.30"]
[Round "7.2"]
[White "Francisco, Richard"]
[Black "Ludwig, John"]
[Result "1/2-1/2"]
[WhiteElo "2281"]
[BlackElo "2360"]
[Annotator "TA"]
[PlyCount "82"]
[EventDate "2019.12.26"]
[EventType "tourn"]
[EventCountry "USA"]
[SourceTitle "playchess.com"]
[Source "ChessBase"]
[SourceQuality "1"]

{[%evp 9,82,2,16,0,-10,2,5,-6,0,-10,17,-2,-18,-7,58,33,41,20,33,20,29,33,48,42,35,35,48,45,59,64,64,0,8,2,10,0,5,6,40,31,126,0,34,0,135,61,70,67,101,42,100,100,97,57,52,0,64,40,11,25,14,-9,-7,-27,-2,0,-6,-10,0,-26,-19,-13,-25,-53,18]} 1. c4 c5 2. g3 Nc6 3. Bg2 g6 4. Nc3 Bg7 5. d3 d6 6. Qd2 {A36: Symmetrical English vs ...g6: 4 Bg2 Bg7} (6. e3 Nf6 7. Nge2 Bd7 8. b3 Qc8 9. h3 O-O 10. Bb2 a6 11. Qd2 Rb8 12. Rd1 b5 13. Nf4 Re8 14. Ncd5 e5 15. Nxf6+ Bxf6 16. Nd5 Bg7 17. Ba1 Ne7 18. Nxe7+ Rxe7 19. h4 h5 20. O-O {½-½ (20) Rakhmanov,A (2653)-Mamedov,R (2709) Riadh 2017}) 6... e6 7. b3 Nge7 8. Bb2 {The position is equal.} O-O 9. h4 h6 $146 ({Predecessor:} 9... Qa5 10. h5 d5 11. Rc1 d4 12. Ne4 Qxd2+ 13. Nxd2 Bd7 {1-0 (23) Faizutdinova,D (1886)-Mokshin,M (2006) Voronezh 2014}) 10. h5 g5 $1 11. f4 gxf4 (11... g4 $11) 12. gxf4 (12. Bxc6 $5 Nxc6 13. gxf4 $11) 12... d5 13. Nf3 d4 14. Ne4 Nf5 15. O-O-O ({Much worse is} 15. Nxc5 Ne3 $11) 15... Qe7 16. Rdg1 Kh8 17. Bh3 Rg8 18. Ne5 Nxe5 19. fxe5 Ne3 20. Rg3 (20. Nf6 $14) 20... Bd7 $11 21. Rxe3 dxe3 22. Qxe3 {And now Nf6 would win.} Bc6 23. Bg2 b6 24. Rf1 {[%mdl 1024] White has compensation.} Qh4 (24... Bxe4 $14 25. Bxe4 Rad8) 25. Rh1 (25. Rxf7 $16 {Hoping for Rf6!} Rgf8 26. Rf6) 25... Qe7 $1 $14 26. Rf1 (26. Bf3 $14) 26... Qh4 $16 27. Bf3 (27. Rxf7 $16 {Threatens to win with Rf6!} Raf8 28. Rf6 (28. Rxa7 Ra8 $16) 28... Bxe4 29. Bxe4 Qxh5 30. Rxe6) 27... Bxe4 $1 $14 28. Bxe4 Raf8 29. Rh1 (29. Kc2 $16) 29... Qg4 (29... Qe7 $14) 30. Kc2 $16 Rd8 31. Rg1 Qh4 32. Rh1 (32. Bc3 $14) 32... Qg5 (32... Qg4 $11) 33. Qxg5 hxg5 34. h6 Bf8 35. h7 Rg7 36. Rg1 Be7 (36... g4 {seems wilder.} 37. Kd2 Be7 38. Ke3 Rf8 39. Kf2 f5) 37. Rg4 Rxh7 38. Bxh7 Kxh7 39. Rg1 Kg6 40. Rh1 g4 41. Kd2 Rg8 {Accuracy: White = 34%, Black = 57%.} ({Better is} 41... Rf8 $1 $15) 1/2-1/2

[Event "Holiday Invitational-IM 2019"]
[Site "Charlotte"]
[Date "2019.12.30"]
[Round "7.3"]
[White "Diulger, Alexey"]
[Black "Bregadze, Levan"]
[Result "0-1"]
[WhiteElo "2291"]
[BlackElo "2458"]
[Annotator "RC"]
[PlyCount "116"]
[EventDate "2019.12.26"]
[EventType "tourn"]
[EventCountry "USA"]
[SourceTitle "playchess.com"]
[Source "ChessBase"]
[SourceQuality "1"]
[TimeControl "5400+30"]

1. Nf3 {[%emt 0:00:00]} Nf6 {[%emt 0:00:00]} 2. g3 {[%emt 0:00:00]} g6 {[%emt 0:00:09]} 3. b3 {[%emt 0:00:00]} d6 {[%emt 0:00:40]} 4. Bb2 {[%emt 0:00:24]} e5 {[%emt 0:00:29]} 5. Bg2 {[%emt 0:00:40]} Bg7 {[%emt 0:00:12]} 6. O-O {[%emt 0:00:17]} O-O {[%emt 0:00:11]} 7. c4 {[%emt 0:00:38]} Re8 {[%emt 0:04:17]} 8. Nc3 {[%emt 0:08:13]} Nc6 {[%emt 0:01:25]} 9. d3 {[%emt 0:08:07]} h6 {[%emt 0:03:26]} 10. Qd2 {[%emt 0:02:41]} Be6 {[%emt 0:02:13]} 11. e4 {[%emt 0:00:29]} Qd7 {[%emt 0:00:44]} 12. Nd5 {[%emt 0:00:16]} Nh7 {[%emt 0:00:47]} 13. a4 {[%emt 0:07:49]} Nd8 {[%emt 0:09:09]} 14. a5 {[%emt 0:00:36]} c6 {[%emt 0:00:13]} 15. Nc3 {[%emt 0:02:14]} Bh3 {[%emt 0:01:32]} 16. a6 {[%emt 0:00:38]} Bxg2 {[%emt 0:00:07]} 17. Kxg2 {[%emt 0:00:25]} b6 {[%emt 0:00:08]} 18. b4 {[%emt 0:00:45]} Ne6 {[%emt 0:00:04]} 19. b5 {[%emt 0:03:10]} c5 {[%emt 0:06:42]} 20. Nd5 {[%emt 0:00:39]} Nf6 {[%emt 0:01:46]} 21. Nxf6+ {[%emt 0:01:09]} Bxf6 {[%emt 0:00:04]} 22. h3 {[%emt 0:04:29]} Bg7 {[%emt 0:00:13]} 23. Nh4 {[%emt 0:00:56]} Ng5 {[%emt 0:00:47]} 24. Rh1 {[%emt 0:06:01]} Ne6 {[%emt 0:08:15]} 25. Rae1 {[%emt 0:03:25]} Qe7 {[%emt 0:01:33]} 26. Rhf1 {[%emt 0:04:03]} Rf8 {[%emt 0:00:11]} 27. Bc1 {[%emt 0:02:22]} Rae8 {[%emt 0:00:27]} 28. Qd1 {[%emt 0:01:33]} Kh7 {[%emt 0:00:30]} 29. Qg4 {[%emt 0:01:37]} Bf6 {[%emt 0:00:34]} 30. f4 {[%emt 0:11:30]} h5 {[%emt 0:07:14]} 31. Qf3 {[%emt 0:00:23]} Bxh4 {[%emt 0:00:14]} 32. gxh4 {[%emt 0:00:02]} Qxh4 {[%emt 0:00:10]} 33. Qg3 {[%emt 0:00:49]} Qxg3+ {[%emt 0:00:23]} 34. Kxg3 {[%emt 0:00:02]} Nxf4 {[%emt 0:00:44]} 35. Bxf4 {[%emt 0:00:05]} exf4+ {[%emt 0:00:02]} 36. Rxf4 {[%emt 0:00:17]} Kg7 {[%emt 0:00:12]} 37. Ref1 {[%emt 0:02:56]} f6 {[%emt 0:00:29]} 38. h4 {[%emt 0:00:56]} Re5 {[%emt 0:00:53]} 39. Rd1 {[%emt 0:01:58]} f5 {[%emt 0:01:47]} 40. d4 {[%emt 0:03:59]} Rxe4 {[%emt 0:00:49]} 41. dxc5 {[%emt 0:00:08]} dxc5 {[%emt 0:00:07]} 42. Rxe4 {[%emt 0:09:23]} fxe4 {[%emt 0:00:04]} 43. Rd5 {[%emt 0:03:43]} Rf3+ {[%emt 0:01:08]} 44. Kg2 {[%emt 0:00:02]} Rf4 {[%emt 0:02:53]} 45. Kg3 {[%emt 0:00:41]} Rf3+ {[%emt 0:00:01]} 46. Kg2 {[%emt 0:00:02]} Rf5 {[%emt 0:00:07]} 47. Rd8 {[%emt 0:00:37]} Kf6 {[%emt 0:04:56]} 48. Rd6+ {[%emt 0:03:01]} Ke5 {[%emt 0:02:52]} 49. Rd7 {[%emt 0:00:42]} e3 {[%emt 0:00:19]} 50. Rxa7 {[%emt 0:00:11]} Kd4 {[%emt 0:00:04]} 51. Re7 {[%emt 0:01:08]} Rf8 {[%emt 0:00:24]} 52. Re6 {[%emt 0:01:17]} Kxc4 {[%emt 0:00:22]} 53. Rxb6 {[%emt 0:00:24]} e2 {[%emt 0:00:11]} 54. Re6 {[%emt 0:00:25]} Kxb5 {[%emt 0:00:04]} 55. a7 {[%emt 0:00:25]} Ra8 {[%emt 0:00:09]} 56. Kf2 {[%emt 0:00:45]} Rxa7 {[%emt 0:00:05]} 57. Rxg6 {[%emt 0:00:09]} Re7 {[%emt 0:00:03]} 58. Ke1 {[%emt 0:00:19]} Re4 {[%emt 0:00:08]} 0-1

[Event "Holiday Invitational-IM 2019"]
[Site "Charlotte"]
[Date "2019.12.30"]
[Round "7.5"]
[White "Furfine, Jacob"]
[Black "Cervantes Landeiro, Thalia"]
[Result "1/2-1/2"]
[WhiteElo "2302"]
[BlackElo "2289"]
[Annotator "TA"]
[PlyCount "102"]
[EventDate "2019.12.26"]
[EventType "tourn"]
[EventCountry "USA"]
[SourceTitle "playchess.com"]
[Source "ChessBase"]
[SourceQuality "1"]

{[%evp 18,102,32,31,28,22,20,21,38,16,77,66,66,57,112,106,113,114,112,99,160,157,164,136,145,142,136,144,152,156,144,91,81,0,0,-4,0,0,0,0,0,0,0,-2,0,0,13,0,0,0,0,0,93,0,0,0,0,0,0,0,9,10,12,9,9,9,9,9,9,9,9,9,9,0,9,0,0,0,0,0,0,0,9,9,549,9,58]} 1. Nf3 d5 2. c4 dxc4 3. e3 Nf6 4. Bxc4 e6 5. d4 c5 6. O-O a6 7. dxc5 Bxc5 8. Qxd8+ Kxd8 9. Be2 Ke7 10. Nbd2 {[%cal Bb1d2,Bd2c4,Bc4d6][%mdl 32]} Nc6 {D27: Queen's Gambit Accepted: Classical main line: 7 e4!? and 7 a4} 11. b3 Rd8 12. Bb2 Kf8 $146 ({Predecessor:} 12... b6 13. a3 a5 14. Rfc1 Bb7 15. Bxf6+ gxf6 16. Ne4 Bd6 17. Nxd6 Rxd6 18. Kf1 {½-½ (33) So,W (2810)-Caruana,F (2807) Saint Louis 2017}) 13. Rac1 Ba7 (13... Be7 $11) 14. Rfd1 Bd7 15. Nc4 Nd5 (15... Bc5 $14) 16. e4 $36 {[%mdl 2048] White is really pushing.} Nf6 17. Nd6 {Threatens to win with Bxf6.} Ng4 18. Rf1 b5 (18... Rab8 $142) 19. h3 Nf6 20. Ng5 {Rfd1 is the strong threat.} Bd4 {[#]} 21. Rxc6 $1 {[%mdl 512]} Bxb2 {[#]} (21... Bxc6 $2 22. Bxd4 Rd7 23. Rc1 $18) 22. Rc2 $1 {[%cal Rc2b2]} (22. Ndxf7 $6 Bxc6 23. Nxd8 Rxd8 $11) 22... Ba3 23. Ngxf7 Rdb8 24. Rc7 (24. e5 $142 Nd5 25. Bf3) 24... Be8 25. Rd1 ({Better is} 25. Bg4 $16 Nxg4 26. hxg4 (26. Nxe8 Rxe8 27. hxg4 Re7 $11)) 25... Bxf7 $1 $11 26. Rxf7+ Kg8 {Threatening ...Rb6.} 27. Re7 {aiming for e5.} Nxe4 $1 28. Bf3 $1 {[%cal Rf3e4]} Nxd6 29. Bxa8 Rxa8 30. Rxe6 Nb7 31. Rc6 Nc5 32. Rd5 Re8 33. Rdxc5 Bxc5 34. Rxc5 {[%mdl 4096] Endgame KR-KR} Re1+ $1 35. Kh2 Re2 36. a4 bxa4 37. bxa4 Rxf2 38. Rc6 Ra2 39. Rxa6 h5 40. h4 Kf7 41. Kg3 Kg8 42. Ra5 Kf7 43. Kf3 Kf6 44. Ra6+ Kf5 45. Ra5+ Kf6 46. Ra8 Kf5 47. Rf8+ Ke5 48. Ra8 Kf5 49. Ra5+ Kf6 50. g3 Kg6 $2 {[%mdl 8192]} (50... Ra3+ $11 {and Black has nothing to worry.} 51. Kf4 Ke6 52. Ra6+ (52. Rxh5 Rxa4+ 53. Kf3 Kf7 $14) 52... Kd7) 51. Ra7 $2 ({Only move:} 51. Rg5+ $18 Kf7 52. a5 (52. Rxh5 Ra3+ 53. Kg2 Rxa4 $14)) 51... Ra1 {Accuracy: White = 64%, Black = 58%.} 1/2-1/2

[Event "Holiday Invitational-IM 2019"]
[Site "Charlotte"]
[Date "2019.12.30"]
[Round "8.1"]
[White "Kolay, Alex"]
[Black "Furfine, Jacob"]
[Result "0-1"]
[WhiteElo "2261"]
[BlackElo "2302"]
[Annotator "NA"]
[PlyCount "86"]
[EventDate "2019.12.26"]
[EventType "tourn"]
[EventCountry "USA"]
[SourceTitle "playchess.com"]
[Source "ChessBase"]
[SourceQuality "1"]
[TimeControl "5400+30"]

1. d4 {[%emt 0:00:00]} Nf6 {[%emt 0:01:18]} 2. c4 {[%emt 0:00:00]} c5 {[%emt 0:00:09]} 3. d5 {[%emt 0:00:00]} b5 {[%emt 0:00:05]} 4. cxb5 {[%emt 0:00:00]} a6 {[%emt 0:00:17]} 5. bxa6 {[%emt 0:00:05]} e6 {[%emt 0:00:05]} 6. Nc3 {[%emt 0:02:46]} exd5 {[%emt 0:00:16]} 7. Nxd5 {[%emt 0:00:51]} Be7 {[%emt 0:00:10]} 8. Bf4 {[%emt 0:19:44]} Nxd5 {[%emt 0:01:35]} 9. Qxd5 {[%emt 0:00:07]} Nc6 {[%emt 0:00:05]} 10. Bd2 {[%emt 0:04:31]} Bxa6 {[%emt 0:03:10]} 11. e3 {[%emt 0:05:06]} Bb7 {[%emt 0:06:45]} 12. Qb3 {[%emt 0:09:14]} Rb8 {[%emt 0:12:06]} 13. Nf3 {[%emt 0:05:29]} O-O {[%emt 0:01:15]} 14. Qc2 {[%emt 0:01:25]} Qb6 {[%emt 0:03:40]} 15. Bd3 {[%emt 0:21:22]} Nb4 {[%emt 0:02:29]} 16. Bxb4 {[%emt 0:00:07]} Qxb4+ {[%emt 0:00:12]} 17. Kf1 {[%emt 0:00:06]} h6 {[%emt 0:06:30]} 18. b3 {[%emt 0:13:58]} Ra8 {[%emt 0:02:09]} 19. Nd2 {[%emt 0:02:13]} d5 {[%emt 0:02:22]} 20. h3 {[%emt 0:03:57]} Ra3 {[%emt 0:02:08]} 21. Nb1 {[%emt 0:00:54]} Ra5 {[%emt 0:01:12]} 22. a3 {[%emt 0:00:20]} Qb6 {[%emt 0:00:38]} 23. Ra2 {[%emt 0:01:18]} Rfa8 {[%emt 0:01:12]} 24. Ke2 {[%emt 0:01:46]} Kh8 {[%emt 0:07:59]} 25. Rc1 {[%emt 0:06:15]} R5a7 {[%emt 0:02:33]} 26. Kf1 {[%emt 0:00:32]} Qd6 {[%emt 0:00:48]} 27. Kg1 {[%emt 0:00:23]} Qe5 {[%emt 0:01:55]} 28. Qe2 {[%emt 0:00:26]} Bd6 {[%emt 0:02:11]} 29. f4 {[%emt 0:00:16]} Qf6 {[%emt 0:00:41]} 30. Qf2 {[%emt 0:00:18]} d4 {[%emt 0:01:39]} 31. exd4 {[%emt 0:00:17]} cxd4 {[%emt 0:01:24]} 32. Rf1 {[%emt 0:00:10]} Bd5 {[%emt 0:02:14]} 33. Bc4 {[%emt 0:00:24]} Bxc4 {[%emt 0:00:55]} 34. bxc4 {[%emt 0:00:01]} Qf5 {[%emt 0:00:01]} 35. Qf3 {[%emt 0:00:59]} Qe6 {[%emt 0:05:12]} 36. Qd3 {[%emt 0:00:42]} Bc5 {[%emt 0:00:37]} 37. Kh1 {[%emt 0:00:46]} Re8 {[%emt 0:01:08]} 38. Rb2 {[%emt 0:01:24]} Ra4 {[%emt 0:01:12]} 39. Rc2 {[%emt 0:00:38]} f5 {[%emt 0:00:52]} 40. Kh2 {[%emt 0:00:29]} Qe4 {[%emt 0:00:47]} 41. Rd2 {[%emt 0:00:25]} Rb8 {[%emt 0:00:43]} 42. g3 {[%emt 0:00:37]} Ra7 {[%emt 0:00:45]} 43. Rdd1 {[%emt 0:00:36]} Rb2+ {[%emt 0:00:19]} 0-1

[Event "Holiday Invitational-IM 2019"]
[Site "Charlotte"]
[Date "2019.12.30"]
[Round "8.2"]
[White "Myers, Dominique"]
[Black "Cervantes Landeiro, Thalia"]
[Result "0-1"]
[WhiteElo "2012"]
[BlackElo "2289"]
[Annotator "NA"]
[PlyCount "120"]
[EventDate "2019.12.26"]
[EventType "tourn"]
[EventCountry "USA"]
[SourceTitle "playchess.com"]
[Source "ChessBase"]
[SourceQuality "1"]
[TimeControl "5400+30"]

1. e4 {[%emt 0:08:41]} e5 {[%emt 0:00:00]} 2. Nf3 {[%emt 0:00:27]} Nc6 {[%emt 0:00:00]} 3. Bb5 {[%emt 0:00:07]} Nf6 {[%emt 0:00:00]} 4. O-O {[%emt 0:03:56]} Nxe4 {[%emt 0:00:56]} 5. Re1 {[%emt 0:00:11]} Nd6 {[%emt 0:00:10]} 6. Nxe5 {[%emt 0:00:11]} Be7 {[%emt 0:00:28]} 7. Bf1 {[%emt 0:00:08]} Nf5 {[%emt 0:01:28]} 8. c3 {[%emt 0:00:49]} Nxe5 {[%emt 0:00:51]} 9. Rxe5 {[%emt 0:00:08]} d6 {[%emt 0:00:07]} 10. Re1 {[%emt 0:00:07]} O-O {[%emt 0:00:56]} 11. d4 {[%emt 0:00:07]} d5 {[%emt 0:00:11]} 12. Nd2 {[%emt 0:00:27]} Nh4 {[%emt 0:04:55]} 13. h3 {[%emt 0:04:15]} Be6 {[%emt 0:06:44]} 14. Bd3 {[%emt 0:00:50]} Bd6 {[%emt 0:03:21]} 15. Nf3 {[%emt 0:01:40]} Qf6 {[%emt 0:12:05]} 16. Nxh4 {[%emt 0:01:41]} Qxh4 {[%emt 0:00:17]} 17. Qf3 {[%emt 0:00:09]} Rae8 {[%emt 0:09:06]} 18. Bd2 {[%emt 0:00:15]} c6 {[%emt 0:02:37]} 19. Re2 {[%emt 0:00:10]} h5 {[%emt 0:20:53]} 20. Ree1 {[%emt 0:04:43]} Bg4 {[%emt 0:02:33]} 21. Bg5 {[%emt 0:02:38]} Qxg5 {[%emt 0:01:36]} 22. hxg4 {[%emt 0:00:07]} hxg4 {[%emt 0:01:15]} 23. Qf5 {[%emt 0:00:11]} Qxf5 {[%emt 0:03:05]} 24. Bxf5 {[%emt 0:00:08]} g3 {[%emt 0:00:15]} 25. Kf1 {[%emt 0:00:32]} g6 {[%emt 0:01:21]} 26. Bd3 {[%emt 0:00:20]} Bf4 {[%emt 0:04:24]} 27. Rad1 {[%emt 0:02:23]} Kg7 {[%emt 0:03:12]} 28. fxg3 {[%emt 0:03:32]} Bxg3 {[%emt 0:00:16]} 29. Rxe8 {[%emt 0:00:14]} Rxe8 {[%emt 0:00:04]} 30. c4 {[%emt 0:00:15]} dxc4 {[%emt 0:02:34]} 31. Bxc4 {[%emt 0:00:10]} Re4 {[%emt 0:00:22]} 32. Be2 {[%emt 0:00:48]} Rf4+ {[%emt 0:03:33]} 33. Bf3 {[%emt 0:01:02]} g5 {[%emt 0:00:40]} 34. d5 {[%emt 0:00:10]} g4 {[%emt 0:00:24]} 35. d6 {[%emt 0:01:06]} gxf3 {[%emt 0:00:41]} 36. d7 {[%emt 0:00:06]} fxg2+ {[%emt 0:00:18]} 37. Kxg2 {[%emt 0:00:06]} Bh4 {[%emt 0:00:06]} 38. d8=Q {[%emt 0:00:17]} Bxd8 {[%emt 0:00:05]} 39. Rxd8 {[%emt 0:00:06]} Rc4 {[%emt 0:00:22]} 40. Rd2 {[%emt 0:00:29]} Kg6 {[%emt 0:00:24]} 41. Kf3 {[%emt 0:00:07]} a5 {[%emt 0:01:30]} 42. Rd7 {[%emt 0:00:46]} b5 {[%emt 0:00:15]} 43. Ra7 {[%emt 0:00:40]} a4 {[%emt 0:01:07]} 44. Ke3 {[%emt 0:00:20]} Rc2 {[%emt 0:01:22]} 45. Rc7 {[%emt 0:01:01]} Rxb2 {[%emt 0:00:21]} 46. Rxc6+ {[%emt 0:00:06]} Kg5 {[%emt 0:00:13]} 47. Rb6 {[%emt 0:00:27]} f5 {[%emt 0:01:02]} 48. Kf3 {[%emt 0:00:09]} Rxa2 {[%emt 0:00:29]} 49. Rxb5 {[%emt 0:00:07]} Ra3+ {[%emt 0:00:08]} 50. Kf2 {[%emt 0:00:17]} Kg4 {[%emt 0:00:42]} 51. Ra5 {[%emt 0:00:52]} Ra2+ {[%emt 0:00:21]} 52. Kf1 {[%emt 0:00:06]} f4 {[%emt 0:00:50]} 53. Ra8 {[%emt 0:00:32]} Kf3 {[%emt 0:01:04]} 54. Kg1 {[%emt 0:00:06]} Ra1+ {[%emt 0:03:08]} 55. Kh2 {[%emt 0:00:06]} Kf2 {[%emt 0:00:11]} 56. Rf8 {[%emt 0:00:31]} f3 {[%emt 0:00:23]} 57. Ra8 {[%emt 0:00:27]} Ra3 {[%emt 0:00:36]} 58. Ra7 {[%emt 0:00:59]} Ke2 {[%emt 0:12:43]} 59. Rf7 {[%emt 0:00:51]} f2 {[%emt 0:00:00]} 60. Kg2 {[%emt 0:03:37]} f1=Q+ {[%emt 0:00:00]} 0-1

[Event "Holiday Invitational-IM 2019"]
[Site "Charlotte"]
[Date "2019.12.30"]
[Round "8.3"]
[White "Bregadze, Levan"]
[Black "Andrianov, Nikolai"]
[Result "1/2-1/2"]
[WhiteElo "2458"]
[BlackElo "2417"]
[Annotator "ChessBase"]
[PlyCount "53"]
[EventDate "2019.12.26"]
[EventType "tourn"]
[EventCountry "USA"]
[SourceTitle "playchess.com"]
[Source "ChessBase"]
[SourceQuality "1"]
[TimeControl "5400+30"]

1. d4 {[%emt 0:04:06]} d5 {[%emt 0:00:58]} 2. Nf3 {[%emt 0:00:50]} Nf6 {[%emt 0:00:20]} 3. Bf4 {[%emt 0:00:39]} c5 {[%emt 0:00:52]} 4. e3 {[%emt 0:00:08]} Nc6 {[%emt 0:01:54]} 5. c3 {[%emt 0:02:39]} Qb6 {[%emt 0:02:44]} 6. Qc2 {[%emt 0:07:34]} Bf5 {[%emt 0:03:44]} 7. dxc5 {[%emt 0:05:26]} Bxc2 {[%emt 0:00:52]} 8. cxb6 {[%emt 0:00:03]} Bxb1 {[%emt 0:02:10]} 9. Rxb1 {[%emt 0:00:20]} axb6 {[%emt 0:00:02]} 10. a3 {[%emt 0:01:14]} e6 {[%emt 0:00:53]} 11. Bb5 {[%emt 0:01:19]} Bc5 {[%emt 0:00:54]} 12. Ne5 {[%emt 0:01:09]} Rc8 {[%emt 0:00:24]} 13. h3 {[%emt 0:09:46]} Ke7 {[%emt 0:01:08]} 14. Nd3 {[%emt 0:12:33]} Bd6 {[%emt 0:00:33]} 15. Bxd6+ {[%emt 0:00:10]} Kxd6 {[%emt 0:00:02]} 16. Ke2 {[%emt 0:01:23]} Ne4 {[%emt 0:04:03]} 17. Rhd1 {[%emt 0:01:29]} Ke7 {[%emt 0:04:30]} 18. f3 {[%emt 0:00:21]} Nd6 {[%emt 0:00:11]} 19. Ba4 {[%emt 0:00:16]} f5 {[%emt 0:00:12]} 20. Rbc1 {[%emt 0:02:41]} Rhd8 {[%emt 0:00:56]} 21. Bc2 {[%emt 0:04:35]} Na5 {[%emt 0:01:29]} 22. h4 {[%emt 0:02:28]} Nac4 {[%emt 0:03:23]} 23. Rb1 {[%emt 0:01:18]} g6 {[%emt 0:00:45]} 24. Nf2 {[%emt 0:01:39]} Nf7 {[%emt 0:07:20]} 25. g3 {[%emt 0:04:30]} Nfe5 {[%emt 0:04:32]} 26. Bd3 {[%emt 0:01:23]} h6 {[%emt 0:01:33]} 27. Bxc4 {[%emt 0:00:06]} 1/2-1/2

[Event "Holiday Invitational-IM 2019"]
[Site "Charlotte"]
[Date "2019.12.30"]
[Round "8.4"]
[White "Ludwig, John"]
[Black "Diulger, Alexey"]
[Result "1-0"]
[WhiteElo "2360"]
[BlackElo "2291"]
[Annotator "NA"]
[PlyCount "95"]
[EventDate "2019.12.26"]
[EventType "tourn"]
[EventCountry "USA"]
[SourceTitle "playchess.com"]
[Source "ChessBase"]
[SourceQuality "1"]
[TimeControl "5400+30"]

1. e4 {[%emt 0:00:00]} g6 {[%emt 0:00:42]} 2. d4 {[%emt 0:00:00]} Bg7 {[%emt 0:00:17]} 3. Nc3 {[%emt 0:00:01]} d6 {[%emt 0:00:45]} 4. f4 {[%emt 0:00:30]} c6 {[%emt 0:02:36]} 5. Be3 {[%emt 0:04:26]} d5 {[%emt 0:01:05]} 6. e5 {[%emt 0:00:06]} h5 {[%emt 0:00:54]} 7. Qd2 {[%emt 0:00:48]} Nh6 {[%emt 0:00:25]} 8. Nf3 {[%emt 0:01:05]} Bg4 {[%emt 0:00:51]} 9. Nh4 {[%emt 0:02:00]} Nf5 {[%emt 0:03:43]} 10. Nxf5 {[%emt 0:00:47]} Bxf5 {[%emt 0:00:02]} 11. O-O-O {[%emt 0:01:37]} Nd7 {[%emt 0:00:47]} 12. g3 {[%emt 0:03:14]} b5 {[%emt 0:00:16]} 13. Bd3 {[%emt 0:04:08]} Nb6 {[%emt 0:01:27]} 14. b3 {[%emt 0:01:59]} e6 {[%emt 0:08:17]} 15. Bxf5 {[%emt 0:11:28]} exf5 {[%emt 0:01:27]} 16. Ne2 {[%emt 0:00:42]} a5 {[%emt 0:01:28]} 17. Kb1 {[%emt 0:02:10]} a4 {[%emt 0:04:53]} 18. Nc1 {[%emt 0:01:00]} h4 {[%emt 0:14:04]} 19. Nd3 {[%emt 0:03:54]} h3 {[%emt 0:01:24]} 20. Qe2 {[%emt 0:04:52]} Qc8 {[%emt 0:03:39]} 21. Bd2 {[%emt 0:01:28]} O-O {[%emt 0:01:48]} 22. Bb4 {[%emt 0:02:20]} Re8 {[%emt 0:00:55]} 23. Nf2 {[%emt 0:01:45]} Nd7 {[%emt 0:02:52]} 24. Nxh3 {[%emt 0:01:04]} Nf6 {[%emt 0:05:24]} 25. Nf2 {[%emt 0:03:00]} axb3 {[%emt 0:01:14]} 26. cxb3 {[%emt 0:02:16]} Ra6 {[%emt 0:00:02]} 27. h4 {[%emt 0:06:55]} Qe6 {[%emt 0:00:46]} 28. Rd2 {[%emt 0:01:49]} Nh5 {[%emt 0:04:06]} 29. Qf3 {[%emt 0:00:44]} Bh6 {[%emt 0:01:54]} 30. Nd3 {[%emt 0:00:47]} Qc8 {[%emt 0:01:01]} 31. Bd6 {[%emt 0:01:40]} Qd8 {[%emt 0:02:35]} 32. Nb4 {[%emt 0:01:34]} Rb6 {[%emt 0:00:47]} 33. Rc2 {[%emt 0:02:20]} Nf6 {[%emt 0:00:24]} 34. Bc5 {[%emt 0:03:00]} Ne4 {[%emt 0:00:13]} 35. Bxb6 {[%emt 0:04:11]} Qxb6 {[%emt 0:00:03]} 36. Qe3 {[%emt 0:01:29]} Bf8 {[%emt 0:01:22]} 37. Nd3 {[%emt 0:01:06]} Nf6 {[%emt 0:00:35]} 38. Nf2 {[%emt 0:02:23]} Re6 {[%emt 0:04:00]} 39. h5 {[%emt 0:03:38]} Nxh5 {[%emt 0:01:57]} 40. g4 {[%emt 0:00:11]} Ng7 {[%emt 0:01:05]} 41. Qh3 {[%emt 0:00:12]} f6 {[%emt 0:00:09]} 42. exf6 {[%emt 0:10:23]} Qxd4 {[%emt 0:00:44]} 43. Nd3 {[%emt 0:00:29]} Qxf6 {[%emt 0:05:40]} 44. Ne5 {[%emt 0:00:20]} Rxe5 {[%emt 0:00:02]} 45. fxe5 {[%emt 0:00:07]} Qxe5 {[%emt 0:00:25]} 46. gxf5 {[%emt 0:00:21]} Nh5 {[%emt 0:01:43]} 47. fxg6 {[%emt 0:01:33]} Bg7 {[%emt 0:00:01]} 48. Qc8+ {[%emt 0:00:43]} 1-0